Literacy : (Record no. 211579)

MARC details
000 -CABECERA
campo de control de longitud fija 00646cam a22001937a 4500
003 - IDENTIFICADOR DEL NÚMERO DE CONTROL
campo de control MX-MxUPN
005 - FECHA Y HORA DE LA ÚLTIMA TRANSACCIÓN
campo de control 20241008125758.0
008 - ELEMENTOS DE LONGITUD FIJA--INFORMACIÓN GENERAL
campo de control de longitud fija 240816s1976 ho| |||fr|||| 000 0 spa d
040 ## - FUENTE DE LA CATALOGACIÓN
Centro catalogador/agencia de origen MX-MxUPN
Lengua de catalogación spa
041 0# - CÓDIGO DE IDIOMA
Código de lengua del texto/banda sonora o título independiente eng
050 ## - SIGNATURA TOPOGRÁFICA DE LA BIBLIOTECA DEL CONGRESO
Número de clasificación LC155 H8
Número de documento/Ítem W55 1976
100 1# - ASIENTO PRINCIPAL--NOMBRE PERSONAL
9 (RLIN) 53950
Nombre de persona White, Robert A.
245 10 - MENCIÓN DE TÍTULO
Título Literacy :
Resto del título cause or effect of social development
260 ## - PUBLICACIÓN, DISTRIBUCIÓN, ETC.
Lugar de publicación, distribución, etc. Tegucigalpa, Honduras :
Nombre del editor, distribuidor, etc. Instituto de Investigaciones Socio económicas,
Fecha de publicación, distribución, etc. [1976?]
300 ## - DESCRIPCIÓN FÍSICA
Extensión 27 hojas
650 #4 - ASIENTO SECUNDARIO DE MATERIA - TERMINO TEMATICO
9 (RLIN) 53952
Término de materia o nombre geográfico como elemento de entrada Alfabetización (Educación)
Subdivisión general Aspectos sociales
Subdivisión geográfica Honduras
902 ## - ELEMENTOS DE DATOS B LOCAL, LDB (RLIN)
Creó MarielOrtiz/160824
Modificó VíctorGodínez/081024
942 ## - ELEMENTOS DE PUNTO DE ACCESO ADICIONAL (KOHA)
Fuente del sistema de clasificación o colocación Library of Congress Classification
Tipo de ítem Koha Folleto
Holdings
Estado de retiro Estado de pérdida Fuente del sistema de clasificación o colocación Estado dañado No para préstamo Código de colección Localización permanente Ubicación/localización actual Ubicación en estantería Fecha de adquisición Clasificación Código de barras Fecha visto por última vez Precio válido a partir de Tipo de ítem Koha
    Library of Congress Classification   Disponible (Préstamo en sala) Folletería Bib. Gregorio Torres Quintero Bib. Gregorio Torres Quintero Colecciones especiales Planta alta 16/08/2024 LC155 H8 W55 1976 0503f 16/08/2024 16/08/2024 Folleto